مكتبة جامعة عجلون الوطنية

فهرس بحث المكتبة

Normal view MARC view
  • الاردن - تاريخ - عبدالله بن الحسين الاول، 1921 - 1951، الاردن - تاريخ - عبدالله بن الحسين الاول، 1988 - 1951- العلاقات الاردنية - المصرية 1925 -1951

Entry Topical Term

Number of records used in: 1

001 - CONTROL NUMBER

  • control field: 55602

003 - CONTROL NUMBER IDENTIFIER

  • control field: JO-AjAnu

005 - DATE AND TIME OF LATEST TRANSACTION

  • control field: 20230606083122.0

008 - FIXED-LENGTH DATA ELEMENTS

  • fixed length control field: 230606|| aca||aabn | a|a d

040 ## - CATALOGING SOURCE

  • Original cataloging agency: JO-AjAnu
  • Transcribing agency: JO-AjAnu

150 ## - HEADING--TOPICAL TERM

  • Topical term or geographic name entry element: الاردن - تاريخ - عبدالله بن الحسين الاول، 1921 - 1951، الاردن - تاريخ - عبدالله بن الحسين الاول، 1988 - 1951- العلاقات الاردنية - المصرية 1925 -1951

670 ## - SOURCE DATA FOUND

  • Source citation: Work cat.: (JO-AjAnu)28381: عبدالله بن الحسين بن علي، ملك الأردن، 1988 - 1951؛ اشراف البخيت، محمد عدنان، جمع وإعداد محمد عدنان البخيت، جمع وإعداد هند غسان أبو الشعر، جمع وإعداد نوفان رجا السوارية، جمع وإعداد بكر خازر المجالي, author 55601, الوثائق الهاشمية: أوراق عبدالله بن الحسين : العلاقات الاردنية - المصرية 1344- 1371هجري/1925-1951م، مج 12